Non quia romanum sed quia ius: Das Entstehen eines europäischen Rechtsbwuztseins im Mittelalter
Saved in:
| 主要作者: | |
|---|---|
| 格式: | 圖書 |
| 語言: | 德语 法语 意大利语 |
| 出版: |
Berlín
Keip
1996
|
| 叢編: | Bibliotheca Eruditorum, 17
|
| 主題: | |
| 標簽: |
添加標簽
沒有標簽, 成為第一個標記此記錄!
|
MARC
| LEADER | 00000nam a2200000 a 4500 | ||
|---|---|---|---|
| 001 | UCK2378 | ||
| 003 | CL-VaPUC | ||
| 008 | 050106e19960000gw |||||||||||||||||ger|d | ||
| 020 | |a 3805102712 | ||
| 041 | 0 | 7 | |a ger |2 CL-VaPUC |
| 041 | 0 | 7 | |a fre |2 CL-VaPUC |
| 041 | 0 | 7 | |a ita |2 CL-VaPUC |
| 082 | 0 | 4 | |a 340.54 |b SCH |2 21 |
| 100 | 0 | |a Schrage, Eltjo J. H |e author |9 490234 | |
| 245 | 1 | 0 | |a Non quia romanum sed quia ius: Das Entstehen eines europäischen Rechtsbwuztseins im Mittelalter |
| 300 | |a 355 p | ||
| 942 | |c BK | ||
| 945 | |d 20050106 00:00:00 |a cmena | ||
| 260 | |a Berlín |b Keip |c 1996 | ||
| 650 | 0 | |a Derecho romano |9 255930 | |
| 650 | 0 | |a Historia del derecho |9 255109 | |
| 650 | 0 | |a Fuentes del derecho |9 255162 | |
| 650 | 0 | |a Derecho medieval |9 314261 | |
| 583 | |a last modification |c 20171116 05:10:17 |k Rodrigo Vera | ||
| 490 | 0 | |a Bibliotheca Eruditorum, 17 | |
| 999 | |c 311935 |d 311933 | ||
| 952 | |0 0 |1 0 |4 0 |6 340_540000000000000_SCH_1996 |7 0 |8 DER_HIS |9 381672 |a BIBDER |b BIBDER |d 2019-11-21 |i 4091124 |o 340.54 SCH 1996 |p 4091124 |r 2023-01-25 |w 2019-11-21 |x Ubicación 4to Piso |y BK |z Estos recursos deben solicitarse con anticipación |k DER | ||